Riconosci il Pokémon - Quiz n°520 - Statistics

Statistiche generali
  • Questo quiz è stato fatto 3 volte
  • Il punteggio medio è 10 su 10
Statistiche sulle risposte
Indizio Risposta % Corretto
Altezza 0,8 m
100%
Tasso di cattura 190 (35.2%)
100%
Peso 29,8 kg
100%
Sesso 50% ♂, 50% ♀
100%
Tipo Elettro
100%
Stadio evoluzione Forma Base
100%
Tasso di allevamento Medio-Veloce
100%
Abilità Parafulmine; Elettrorapid; Mangiaerba
100%
Generazione Quinta
100%
Pokémon Blitzle
67%
Nessun quiz corrispondente trovato
Distribuzione punteggi
Percentuale di utenti per punteggio
Percentile per numero di risposta
I tuoi punteggi nel tempo
Non hai fatto questo quiz